| 000 | 00557nam a2200169Ia 4500 | ||
|---|---|---|---|
| 003 | IN-BaIIA | ||
| 008 | 211028s9999 xx 000 0 eng d | ||
| 040 | _cIIA Library | ||
| 245 | 0 |
_aNoval and related stars astrophysics; Sp. sc. lib., _bvol. 65 _cedited by M. Friedjung |
|
| 260 |
_aDordrecht _bD. Reidel Publishing _c1977 |
||
| 300 | _axiv, 228p. | ||
| 650 | _aAstronomy and astrophysics thesaurus | ||
| 650 | _astars | ||
| 650 |
_aStars astrophysics _914393 |
||
| 700 |
_aFriedjung, M., ed. _99778 |
||
| 942 | _cBK | ||
| 999 |
_c8580 _d8580 |
||